| Tag |
First Indicator |
Second Indicator |
Subfields |
| LEADER |
00000cam a2200000Ii 4500 |
| 001 |
in00001664049 |
| 005 |
20151024121538.0 |
| 008 |
800514s1968 bu b 000 0 bulod |
| 010 |
|
|
|a 70259560
|
| 035 |
|
|
|a (OCoLC)ocm06315278
|
| 040 |
|
|
|a IUL
|c IUL
|d OCL
|d TXA
|d UtOrBLW
|
| 049 |
|
|
|a TXAM
|
| 090 |
|
|
|a PG13
|b .S6338
|
| 245 |
0 |
0 |
|a Slavistichni izsledvanii︠a︡ :
|b sbornik, posveten na vi Mezhdunaroden slavistichen kongres /
|c [Redakt︠s︡ionen komitet: Iv. Levkov, Em. Georgiev, S. Rusakiev and others].
|
| 264 |
|
1 |
|a Sofii︠a︡ :
|b Nauka i izkustvo,
|c 1968.
|
| 300 |
|
|
|a 465 pages ;
|c 21 cm.
|
| 336 |
|
|
|a text
|b txt
|2 rdacontent
|
| 337 |
|
|
|a unmediated
|b n
|2 rdamedia
|
| 338 |
|
|
|a volume
|b nc
|2 rdacarrier
|
| 500 |
|
|
|a At head of title: Sofiĭski dŭrzhaven universitet "Kliment Okhridski." Fakultet za slavi︠a︡nski filologii.
|
| 504 |
|
|
|a Includes bibliographies.
|
| 500 |
|
|
|a Bulgarian in Cyrillic script.
|
| 536 |
|
|
|a From the Library of Professor Horace G. Lunt. October 2000.
|
| 650 |
|
0 |
|a Slavic philology.
|
| 700 |
1 |
|
|a Lekov, Ivan.
|
| 700 |
1 |
|
|a Georgiev, Emil Ivanov.
|
| 700 |
1 |
|
|a Rusakiev, Simeon.
|
| 710 |
2 |
|
|a Sofiĭski universitet.
|b Fakultet po slavi︠a︡nski filologii.
|
| 711 |
2 |
|
|a International Congress of Slavists
|n (6th :
|d 1968 :
|c Prague)
|
| 948 |
|
|
|a cataloged
|b h
|c 2002/3/6
|d c
|e spoltoratski
|f 10:18:50 am
|
| 994 |
|
|
|a E0
|b TXA
|
| 999 |
|
|
|a MARS
|
| 999 |
f |
f |
|s d9db1fdc-b89f-3ae8-88ed-9b45a040ddc0
|i e220f2c5-b0cc-3049-9d78-fb4595397685
|t 0
|
| 952 |
f |
f |
|p ric
|a Texas A&M University
|b Rellis Campus
|c Joint Library Facility
|d Remote Storage
|t 0
|e PG13 .S6338
|h Library of Congress classification
|i unmediated -- volume
|m A14828293103
|
| 998 |
f |
f |
|a PG13 .S6338
|t 0
|l Remote Storage
|